| 000 | 00623cab a2200241 4500 | ||
|---|---|---|---|
| 001 | WB3125-48 | ||
| 008 | 090401t1995 xxu||||| |||| 00| 0 eng d | ||
| 035 | _a(Sirsi) u15436 | ||
| 041 | _aeng | ||
| 245 | _aRICS awards | ||
| 260 | _c1995 | ||
| 350 | _a0 | ||
| 490 |
_aRICS Press Release _v(PR70/95CORP) 14 June 1995 (3) |
||
| 520 | _aThe Calls and Riverside in Leeds has won the Urban Renewal Award. | ||
| 650 | _aCANALS | ||
| 650 | _aLEEDS DEVELOPMENT CORPORATION | ||
| 650 | _aRICS | ||
| 650 | _aURBAN REGENERATION | ||
| 650 | _aWAREHOUSES | ||
| 690 | _aCONSERVATION | ||
| 942 | _n0 | ||
| 948 | _c04/03/1997 | ||
| 999 |
_c10122 _d10122 |
||